Mapa de Ciudades de Brasil - Estadísticas

Estadísticas generales
  • Esta prueba ha sido intentada 1.616 veces
  • La puntuación promedio es 8 de 14
Respuestas en el mapa
Las respuestas están codificadas por una escala verde-roja en el mapa de la prueba según el % correcto abajo.
 
Estadísticas de respuestas
Respuesta % Correcto
Brasilia
82%
Río de Janeiro
82%
São Paulo
79%
Manaos
67%
Porto Alegre
66%
Belém
59%
Fortaleza
57%
Belo Horizonte
56%
Salvador
56%
Curitiba
48%
Campo Grande
38%
Cuiabá
37%
Porto Velho
35%
Teresina
35%
No se encontraron pruebas coincidentes
Distribución de puntuación
Porcentaje de gente con cada puntuación
Porcentaje por número respondido
Historial de tus puntuaciones
No has intentado esta prueba.